[Event "Challenge"]
[Site "http://www.queenalice.com/game.php?id=129205"]
[Date "2006.11.14"]
[Round "-"]
[White "Agner"]
[Black "Teltz"]
[Result "0-1"]
[WhiteElo "1532"]
[BlackElo "1621"]

1. e4 d6 2. d4 e6 3. Nc3 a6 4. Bd3 h6 5. Nf3 Nd7 6. O-O Nb6 7. Re1 Ne7 8. e5
Ned5 9. Nxd5 Nxd5 10. Bc4 Nb6 11. b3 d5 12. Be2 Bd7 13. Bb2 Be7 14. Qc1 Bg5 15.
Nxg5 Qxg5 16. f4 Qg6 17. c4 Bc6 18. c5 Nd7 19. h3 Rc8 20. g4 h5 21. g5 Qf5 22.
Kh2 Nf8 23. Rf1 Qe4 24. Qd1 Ng6 25. Bc1 Nh4 26. Bf3 Qf5 27. Kg3 Nxf3 28. Qxf3
h4+ 29. Kh2 Bb5 30. Re1 Qc2+ 31. Qg2 Qc3 32. Bd2 Qxd4 33. Be3 Qb4 34. g6 Bc6 35.
gxf7+ Kxf7 36. Rg1 Rcg8 37. Qg6+ Ke7 38. f5 exf5 39. Bg5+ Kd7 40. Qf7+ Kc8 41.
Qxf5+ Kb8 42. Qf2 Rf8 43. Qe3 d4 44. Qc1 d3 45. Bd2 Qd4 46. Rxg7 Rf2+ 47. Kg1
Rxd2+ 0-1

[Event "Challenge"]
[Site "http://www.queenalice.com/game.php?id=129222"]
[Date "2006.11.14"]
[Round "-"]
[White "outofnothing"]
[Black "Agner"]
[Result "0-1"]
[WhiteElo "1603"]
[BlackElo "1635"]

1. d4 d5 2. c4 c6 3. Nf3 Nf6 4. Nc3 Bf5 5. a4 e6 6. Qb3 Qd7 7. Ne5 Qc7 8. Bf4
Bd6 9. Bg3 O-O 10. f4 Nbd7 11. c5 Bxe5 12. fxe5 Ne4 13. Nxe4 Bxe4 14. Qc3 b6 15.
b4 a5 16. cxb6 Qxb6 17. bxa5 Rxa5 18. e3 Rb8 19. h4 Qb4 20. Rc1 Qxc3+ 21. Rxc3
Rxa4 22. Rxc6 Ra2 23. Rc1 Bxg2 24. Rg1 Bxf1 25. Rxf1 h6 26. Rf2 Ra3 27. Bf4 Nb6
28. Rb1 Nd7 29. Rfb2 Rxb2 30. Rxb2 Ra1+ 31. Kf2 Rh1 32. Kg3 Kh7 33. Rb7 Nf8 34.
Rxf7 Ng6 0-1

[Event "Challenge"]
[Site "http://www.queenalice.com/game.php?id=129249"]
[Date "2006.11.14"]
[Round "-"]
[White "Agner"]
[Black "savage4731"]
[Result "1/2-1/2"]
[WhiteElo "1497"]
[BlackElo "1664"]

1. e4 e5 2. Nf3 Nc6 3. Bc4 Bc5 4. O-O Nf6 5. Nc3 d6 6. h3 Bd7 7. a3 Qc8 8. Ng5
O-O 9. b4 Bb6 10. Nd5 Nxd5 11. Bxd5 h6 12. Nf3 Bxh3 13. gxh3 Qxh3 14. Bxc6 bxc6
15. c3 f5 16. Nh2 f4 17. Qg4 Qd3 18. Re1 f3 19. c4 Rf4 20. Qg6 Qxc4 21. Ng4 Qd4
22. d3 Qxa1 23. Bxf4 Qxe1+ 24. Kh2 exf4 25. Nxh6+ Kh8 26. Nf7+ Kg8 27. Nh6+ Kh8
28. Nf7+ 1/2-1/2

[Event "Challenge"]
[Site "http://www.queenalice.com/game.php?id=129707"]
[Date "2006.11.15"]
[Round "-"]
[White "BlueMeanie"]
[Black "Agner"]
[Result "1-0"]
[WhiteElo "1736"]
[BlackElo "1502"]

1. d4 d5 2. c4 c6 3. Nf3 Bg4 4. Nc3 Nf6 5. Ne5 Nbd7 6. Nxg4 Nxg4 7. cxd5 cxd5 8.
e4 Ngf6 9. exd5 Nb6 10. Bb5+ Nfd7 11. O-O a6 12. Bd3 Nf6 13. Qb3 Nfxd5 14. Nxd5
Nxd5 15. Qxb7 Nf6 16. Bxa6 Rb8 17. Bb5+ Nd7 18. Bxd7+ 1-0

[Event "Challenge"]
[Site "http://www.queenalice.com/game.php?id=129718"]
[Date "2006.11.15"]
[Round "-"]
[White "Agner"]
[Black "tetive"]
[Result "1-0"]
[WhiteElo "1551"]
[BlackElo "1569"]

1. e4 e5 2. Nf3 g6 3. Bc4 Bg7 4. d3 Nf6 5. Ng5 d5 6. Bb5+ c6 7. Ba4 O-O 8. O-O
b5 9. Bb3 a5 10. a3 a4 11. Ba2 d4 12. Bxf7+ Kh8 13. Ne6 Bxe6 14. Bxe6 h5 15. Bh3
Nbd7 16. Bg5 Nc5 17. Nd2 Qc7 18. f4 Rae8 19. fxe5 Rxe5 20. Nf3 Ne6 21. Nxe5 Qxe5
22. Bxe6 Qxg5 23. Kh1 Re8 24. Bh3 c5 25. Rf5 gxf5 26. Bxf5 c4 27. g3 cxd3 28.
Qxd3 Ng4 29. Qxb5 Ra8 30. Qe2 Rd8 31. Rd1 Ne3 32. Rd3 Nxf5 33. exf5 Qxf5 34. Rf3
Qg4 35. Kg2 h4 36. Rf8+ Bxf8 37. Qxg4 d3 38. Qxh4+ Kg8 39. Qxd8 dxc2 40. Qc8 Kf7
41. Qxc2 Bg7 42. h4 1-0

[Event "Challenge"]
[Site "http://www.queenalice.com/game.php?id=129724"]
[Date "2006.11.15"]
[Round "-"]
[White "Agner"]
[Black "Mgustavo"]
[Result "1-0"]
[WhiteElo "1503"]
[BlackElo "1822"]

1. d4 d5 2. c4 dxc4 3. e4 Nc6 4. Nf3 b5 5. a4 Ba6 6. axb5 Bxb5 7. Nc3 a6 8. Nxb5
axb5 9. Rxa8 Qxa8 10. Bd2 Qa2 11. d5 Na5 12. Bc3 Nb3 13. Be2 Nc5 14. e5 Ne4 15.
O-O e6 16. Qd4 Qb3 17. Qxe4 Bb4 18. d6 cxd6 19. Qc6+ Kd8 20. Bxb4 Qxb4 21. Qxd6+
Qxd6 22. exd6 f5 23. Ne5 Ke8 24. d7+ Ke7 25. Rd1 Nf6 26. Nc6+ Kf7 27. d8=Q Rxd8
28. Rxd8 g5 29. Rb8 Nd5 30. Rxb5 c3 31. bxc3 Nxc3 32. Bh5+ Kg7 33. Rb7+ Kh6 34.
Bf7 f4 35. Ne5 Kg7 36. Bh5+ Kf6 37. Ng4+ Kf5 38. f3 Ne2+ 39. Kf2 e5 40. Kxe2 Ke6
41. Rxh7 Kd6 42. Nf6 Kc6 43. Ne4 g4 44. Bxg4 Kd5 45. h4 Kd4 46. h5 Kd5 47. h6
Kc6 48. Rd7 Kb6 49. h7 Ka5 50. h8=Q Ka4 51. Qb8 1-0

[Event "Let's Play Chess!"]
[Site "http://www.queenalice.com/game.php?id=130941"]
[Date "2006.11.18"]
[Round "-"]
[White "Agner"]
[Black "papilon_br"]
[Result "1-0"]
[WhiteElo "1682"]
[BlackElo "1644"]

1. e4 e5 2. f4 Nc6 3. fxe5 Nxe5 4. g3 Nf6 5. d4 Ng6 6. Nc3 Bb4 7. Qe2 O-O 8. Bd2
Bxc3 9. Bxc3 d6 10. O-O-O Bg4 11. Nf3 Qe7 12. e5 Nd5 13. Qd3 dxe5 14. dxe5 Nxc3
15. Qxc3 Bxf3 16. Qxf3 Qxe5 17. Bd3 c5 18. Bxg6 fxg6 19. Qxb7 Rab8 20. Qd5+ Qxd5
21. Rxd5 c4 22. Rd7 a5 23. Rhd1 a4 24. Ra7 Rf2 25. Rxa4 Rxh2 26. Rxc4 Rg2 27.
Rc3 h5 28. Rf3 Rh2 29. a4 Rh3 30. Rdf1 Ra8 31. b3 g5 32. Kb2 Kh7 33. c4 Re8 34.
Kc3 h4 35. gxh4 Rxh4 36. a5 Rh6 37. b4 Rhe6 38. Kd3 Kh6 39. Rh1+ Kg6 40. c5 Rd8+
41. Kc3 g4 42. Rd3 Rb8 43. Rd6 Rxd6 44. cxd6 Kf5 45. Rg1 Rd8 46. a6 Rxd6 47. b5
Kf4 48. Ra1 Ke4 49. Ra4+ Kf3 50. a7 Rd8 51. a8=Q+ 1-0

[Event "Challenge"]
[Site "http://www.queenalice.com/game.php?id=130948"]
[Date "2006.11.18"]
[Round "-"]
[White "Agner"]
[Black "prmntgen"]
[Result "0-1"]
[WhiteElo "1493"]
[BlackElo "1721"]

1. e4 c5 2. Nf3 d6 3. Nc3 Nf6 4. Bb5+ Bd7 5. a4 a6 6. Bc4 e6 7. O-O Be7 8. d3
O-O 9. Re1 Nc6 10. Be3 h6 11. h3 Na5 12. e5 Nxc4 13. dxc4 Ne8 14. Ne4 Bc6 15.
Qd3 Bxe4 16. Qxe4 b6 17. Rad1 Qc8 18. Qd3 Qc6 19. b3 Rd8 20. g3 Qxf3 0-1

[Event "Let's Play Chess!"]
[Site "http://www.queenalice.com/game.php?id=132688"]
[Date "2006.11.23"]
[Round "-"]
[White "TortugaChat"]
[Black "Agner"]
[Result "0-1"]
[WhiteElo "1670"]
[BlackElo "1680"]

1. e4 e5 2. Nf3 Nc6 3. Nc3 Nf6 4. Bc4 Bc5 5. O-O O-O 6. Nd5 Nxe4 7. d3 Nd6 8.
Bb3 Nd4 9. Nxe5 Re8 10. Nf3 Nxb3 11. axb3 Nf5 12. c3 b6 13. Bf4 d6 14. b4 c6 15.
bxc5 cxd5 16. Re1 dxc5 17. Qa4 Bd7 18. Qa6 h6 19. c4 d4 20. Qb7 a5 21. Ne5 Re7
22. Nxd7 Rxd7 23. Qe4 Nd6 24. Qf3 Raa7 25. Qg3 g5 26. Re5 f6 27. Rd5 Nf7 28. Rf5
Kh7 29. Bd2 Re7 30. f4 Re2 31. Rd1 Kg6 32. Rd5 Rd7 33. f5+ Kh7 34. Rxd7 Qxd7 35.
Kf1 Re5 36. Re1 Rxe1+ 37. Bxe1 Qxf5+ 38. Kg1 Ne5 0-1

[Event "Let's play again?"]
[Site "http://www.queenalice.com/game.php?id=133583"]
[Date "2006.11.25"]
[Round "-"]
[White "sapucaio"]
[Black "Agner"]
[Result "0-1"]
[WhiteElo "1495"]
[BlackElo "1650"]

1. d3 e5 2. e4 Nf6 3. Nf3 Nc6 4. Be3 d5 5. Nc3 d4 6. Bg5 dxc3 7. bxc3 Be7 8. Be2
Nxe4 9. Bxe7 Nxc3 10. Bxd8 Nxd1 11. Ng5 Nxf2 12. Kxf2 Nxd8 13. Rhf1 O-O 14. Kg1
Be6 15. c4 h6 16. Ne4 f5 17. Nc3 Nc6 18. Nb5 Rac8 19. a4 a6 20. Nc3 Rcd8 21. h3
Nd4 22. Bh5 Nc2 23. Ra2 Ne3 24. Re1 Rxd3 25. Ra3 Bxc4 26. Be2 Rd2 27. Nb1 Rxe2
28. Rxe2 Bxe2 29. Rxe3 Bd1 30. Rxe5 Bxa4 31. Nc3 Bc6 32. Re7 Rf7 33. Re5 b5 34.
Re6 Bb7 35. Kh2 Kf8 36. Ne2 Re7 37. Nf4 Rxe6 38. Nxe6+ Ke7 39. Nxg7 f4 40. Nf5+
Ke6 41. Nxh6 b4 42. Ng4 b3 43. Nf2 Kd5 0-1

[Event "Challenge_3"]
[Site "http://www.queenalice.com/game.php?id=133611"]
[Date "2006.11.25"]
[Round "-"]
[White "angelita"]
[Black "Agner"]
[Result "0-1"]
[WhiteElo "1241"]
[BlackElo "1532"]

1. d4 d5 2. Nc3 Nf6 3. b4 a6 4. Qd2 e6 5. a4 Bxb4 6. Rb1 Nc6 7. e3 Ne4 8. f3
Nxd2 9. Bxd2 O-O 10. Na2 Bxd2+ 11. Kxd2 Qg5 12. h4 Qh6 13. f4 b5 14. Nc3 b4 15.
Nce2 Re8 16. g4 g6 17. g5 Qg7 18. Ng3 e5 19. h5 exf4 20. exf4 Bg4 21. hxg6 Qxd4+
22. Kc1 Re1# 0-1

[Event "Challenge"]
[Site "http://www.queenalice.com/game.php?id=133619"]
[Date "2006.11.25"]
[Round "-"]
[White "Agner"]
[Black "brazuka"]
[Result "1-0"]
[WhiteElo "1696"]
[BlackElo "1526"]

1. e4 e5 2. Nf3 d6 3. Bc4 Nf6 4. Ng5 d5 5. exd5 Nxd5 6. Qf3 Qxg5 7. Bxd5 f6 8.
O-O c6 9. d4 Qh4 10. Be4 Bg4 11. Qb3 b5 12. Qc3 Bd7 13. Na3 Qxe4 14. Re1 Qf5 15.
dxe5 b4 16. exf6+ Kf7 17. Qc4+ Be6 18. Qd3 Qxf6 19. Re3 bxa3 20. Rf3 axb2 21.
Bxb2 Qxf3 22. Qxf3+ Ke7 23. Re1 Nd7 24. Qxc6 Nb6 25. Qxe6+ Kd8 26. Qe8+ Kc7 27.
Be5+ Kb7 28. Qf7+ Ka6 29. Bd4 Bb4 30. Re5 Rhc8 31. Bxb6 axb6 32. Qf5 Rf8 33.
Qd3+ Ka7 34. Qd7+ Kb8 35. Rb5 Ba5 36. Qxg7 Rd8 37. h4 Rd1+ 38. Kh2 h5 39. Rxh5
Be1 40. Rh8+ Rd8 41. Rxd8# 1-0

[Event "Challenge"]
[Site "http://www.queenalice.com/game.php?id=133624"]
[Date "2006.11.25"]
[Round "-"]
[White "Agner"]
[Black "sophia"]
[Result "1-0"]
[WhiteElo "1660"]
[BlackElo "1433"]

1. e4 e5 2. Nf3 Nc6 3. Bc4 Nf6 4. Ng5 Qe7 5. Bxf7+ Kd8 6. Bb3 h6 7. Nf7+ Ke8 8.
Nxh8 Qc5 9. O-O Nxe4 10. Qh5+ Kd8 11. Nf7+ Ke7 12. d3 Nf6 13. Qh4 b5 14. c4 bxc4
15. Bc2 Kxf7 16. Qxc4+ d5 17. Qxc5 Bxc5 18. Be3 d4 19. Bb3+ Be6 20. Bxe6+ Kxe6
21. Bc1 Nb4 22. a4 Nxd3 23. Na3 Ng4 24. Nb5 Kd7 25. f4 a6 26. h3 axb5 27. hxg4
exf4 28. Bxf4 1-0

[Event "Challenge"]
[Site "http://www.queenalice.com/game.php?id=134323"]
[Date "2006.11.28"]
[Round "-"]
[White "Agner"]
[Black "MadScot"]
[Result "0-1"]
[WhiteElo "1634"]
[BlackElo "1767"]

1. e4 c6 2. d4 d5 3. Nc3 dxe4 4. Nxe4 Bf5 5. Ng3 Bg6 6. Nf3 Nd7 7. Bd3 e6 8. O-O
Ngf6 9. Bg5 Be7 10. Ne5 Nxe5 11. dxe5 Nd5 12. Bxg6 Bxg5 13. Bxf7+ Kxf7 14. Qh5+
g6 15. Qf3+ Kg7 16. Rad1 Rf8 17. Qb3 Qc7 18. c4 Nb6 19. Ne4 Qxe5 20. Qc3 Qxc3
21. Nxc3 Nxc4 22. b3 Nb6 23. Rfe1 Nd5 24. Ne4 Be7 25. g3 Rad8 26. h4 Nb4 27. Ng5
Rxd1 28. Rxd1 Bxg5 29. hxg5 Nd5 30. Rd4 Rf5 31. f4 e5 32. Ra4 exf4 33. Rxa7 fxg3
34. Rxb7+ Rf7 35. Rxf7+ Kxf7 36. Kg2 Ke6 37. Kxg3 Kf5 38. Kh4 Nb4 39. a3 Na6 0-1

[Event "Challenge"]
[Site "http://www.queenalice.com/game.php?id=134654"]
[Date "2006.11.29"]
[Round "-"]
[White "savage4731"]
[Black "Agner"]
[Result "1-0"]
[WhiteElo "1655"]
[BlackElo "1648"]

1. e4 e5 2. Nf3 Nc6 3. Bc4 Be7 4. d4 exd4 5. c3 Nf6 6. e5 Ne4 7. O-O O-O 8. cxd4
d5 9. exd6 Qxd6 10. Bd3 Nf6 11. Nc3 Bg4 12. d5 Nxd5 13. Nxd5 Ne5 14. Nxe7+ Qxe7
15. Re1 Bxf3 16. gxf3 Nxf3+ 17. Qxf3 Qxe1+ 18. Kg2 Qb4 19. Qh5 g6 20. Qe5 Qg4+
21. Qg3 Qxg3+ 22. hxg3 1-0

[Event "Challenge"]
[Site "http://www.queenalice.com/game.php?id=137238"]
[Date "2006.12.5"]
[Round "-"]
[White "Agner"]
[Black "spiazzi"]
[Result "0-1"]
[WhiteElo "1705"]
[BlackElo "1524"]

1. e4 e5 2. Nf3 Nc6 3. Bc4 h6 4. d4 exd4 5. Nxd4 Qh4 6. Be3 Qxe4 7. O-O Bc5 8.
Re1 Be7 9. Nxc6 bxc6 10. Bc5 Qxc4 11. Bxe7 Nxe7 12. Nd2 Qf4 13. Qe2 Qh4 14. Nf3
Qf6 15. c3 c5 16. Qe4 Rb8 17. Qc4 d6 18. Qa4+ Bd7 19. Qxa7 O-O 20. Qxc7 Be6 21.
Qxd6 Rxb2 22. Qxc5 Rc8 23. Qd6 Rxc3 24. Qd8+ Kh7 25. Nd4 Qxf2+ 0-1

[Event "Challenge"]
[Site "http://www.queenalice.com/game.php?id=138138"]
[Date "2006.12.7"]
[Round "-"]
[White "lolothebest"]
[Black "Agner"]
[Result "0-1"]
[WhiteElo "1485"]
[BlackElo "1625"]

1. e4 e5 2. Nf3 Nc6 3. Nc3 Nf6 4. Bb5 Bb4 5. O-O O-O 6. Ng5 Nd4 7. Bc4 Bxc3 8.
Re1 Ba5 9. c3 Nc6 10. Qb3 Qe7 11. Re3 h6 12. Nf3 a6 13. Ne1 b5 14. Bf1 Bb6 15.
Rg3 Nxe4 16. Rf3 Qh4 17. Nd3 d6 18. g3 Qg4 19. Bg2 Be6 20. h3 Bxb3 21. axb3 Qg6
22. g4 Na5 23. b4 Nb3 24. Ra3 Nbxd2 25. Bxd2 Nxd2 26. Rg3 h5 27. gxh5 Qxh5 28.
Bxa8 Rxa8 29. Ra1 Ne4 30. Kh2 Nxg3 31. fxg3 Qe2+ 32. Kh1 Qxd3 0-1

[Event "Challenge"]
[Site "http://www.queenalice.com/game.php?id=141372"]
[Date "2006.12.14"]
[Round "-"]
[White "Agner"]
[Black "Teltz"]
[Result "0-1"]
[WhiteElo "1648"]
[BlackElo "1688"]

1. e4 d6 2. Nf3 e6 3. d4 a6 4. Nc3 h6 5. Bc4 Nd7 6. Be3 Nb6 7. Qd3 Nxc4 8. Qxc4
Ne7 9. O-O-O b5 10. Qe2 Ng6 11. d5 Be7 12. a3 e5 13. g3 Bg4 14. h3 Bc8 15. Nd2
Bf6 16. f4 exf4 17. Bxf4 Nxf4 18. gxf4 Bxc3 19. bxc3 O-O 20. f5 Qf6 21. Qe3 Bb7
22. Rhg1 Kh7 23. Nb3 Rae8 24. Na5 Ba8 25. Rgf1 Re5 26. Nc6 Bxc6 27. dxc6 Rc5 28.
Qd4 Rxc3 29. Qxf6 gxf6 30. Rd3 Rxc6 0-1

[Event "Challenge"]
[Site "http://www.queenalice.com/game.php?id=142253"]
[Date "2006.12.16"]
[Round "-"]
[White "TheBooth"]
[Black "Agner"]
[Result "1-0"]
[WhiteElo "1684"]
[BlackElo "1604"]

1. e4 c5 2. Nc3 Nc6 3. Nf3 Nf6 4. Bb5 Nd4 5. Bc4 d6 6. Ng5 e6 7. d3 h6 8. Nf3 e5
9. O-O Bg4 10. Bb5+ Nd7 11. Nxe5 Bxd1 12. Bxd7+ Ke7 13. Nd5# 1-0

[Event "Challenge"]
[Site "http://www.queenalice.com/game.php?id=144726"]
[Date "2006.12.21"]
[Round "-"]
[White "Agner"]
[Black "spawnwolfwolverine"]
[Result "1-0"]
[WhiteElo "1632"]
[BlackElo "1621"]

1. e4 e6 2. Nc3 b6 3. d4 Ba6 4. Bxa6 Nxa6 5. a3 c5 6. d5 e5 7. Nf3 d6 8. O-O c4
9. Qe2 Rc8 10. Nd2 Qc7 11. Nb5 Qc5 12. Nxa7 Rc7 13. Nc6 Ne7 14. Nxe7 Bxe7 15. b4
Qb5 16. f4 O-O 17. fxe5 dxe5 18. Nf3 Ra8 19. Nxe5 f6 20. Bb2 fxe5 21. Bxe5 Rcc8
22. Qh5 Rf8 23. Qg4 g6 24. Qe6+ Rf7 25. Qxf7# 1-0